MARC

LEADER 00000nam0a2200000 4500
001 367059
005 20231101044653.0
035 |a (RuTPU)RU\TPU\retro\24422 
090 |a 367059 
100 |a 20220228d1979 km y0rusy50 ca 
101 0 |a rus 
102 |a RU 
105 |a y z 001zy 
200 1 |a Актуальные проблемы управления водными ресурсами и использование водохранилищ  |e сборник  |f Географическое общество Союза ССР, Московский филиал 
210 |a Москва  |c [Б. и.]  |d 1979 
215 |a 92 с. 
320 |a Библиогр.: с. 84-90 
606 1 |a Водохранилища  |x Использование комплексное  |2 stltpush  |3 (RuTPU)RU\TPU\subj\3105 
610 1 |a взаимодействие 
610 1 |a окружающая среда 
610 1 |a хозяйственная деятельность 
610 1 |a сток 
610 1 |a подземные воды 
610 1 |a водные системы 
610 1 |a управление 
610 1 |a математические методы 
675 |a 627.81  |v 4 
712 0 2 |a Географическое общество Союза ССР  |b Московский филиал  |c (1938-1992)  |2 stltpush  |3 (RuTPU)RU\TPU\col\8461 
801 1 |a RU  |b 63413507  |c 20220228 
942 |c BK